| 000 | 00680nam a2200193Ii 4500 | ||
|---|---|---|---|
| 003 | JO-AjNU | ||
| 008 | 230605s9999||||xx |||||||||||||| ||und|| | ||
| 040 |
_aJO-AjNU _bara _erda _cJO-AjNU |
||
| 041 | _aara | ||
| 050 | 1 | 4 | _aLC149.T3454 1978 |
| 100 | 3 |
_aهندام،يحيى مؤلف/مرسي،محمد منير, _eauthor _920775 |
|
| 245 | 0 | 0 | _aتعليم الكبار ومحو الأمية:أسسة النفسية والتربوية |
| 264 | 3 | 1 | _aالقاهرة:عالم الكتب،1978 |
| 300 | _a256ص | ||
| 336 |
_atext _btxt _2rdacontent |
||
| 337 |
_aunmediated _bn _2rdamedia |
||
| 338 |
_avolume _bnc _2rdacarrier |
||
| 650 | 4 |
_aالتعليم-محو الأمية _920776 |
|
| 999 |
_aA7104 _c10672 _d10672 |
||